000 00221nam a2200097Ia 4500
008 240331s9999 xx 000 0 und d
082 _bSOC
100 _aKuper, A. ed
245 4 _aThe social science encyclopedia
942 _cL
999 _c3257
_d3257